000 00196 a2200097 4500
001 47367
100 _aTerrainc J
245 _aMons
260 _aLondon
_bB T batsford
_c
090 _c30402
_d30402
942 _aNUST-CAE
_cM
_c22673
999 _c282440
_d282440